000 00346nam a2200145 i 4500
001 bg
100 1 _aTSICHRITZIS, D.C.
245 0 _aModele danych /
_cD.C. Tsichritzis, F.H. Lochovsky.
260 _aWarszawa,
_c1990.
700 1 _aLOCHOVSKY, F.H.
040 _cBPK
041 _apol
942 _cKS
008 s pl f |000 0 pol
999 _c4445
_d4445
856 _uhttp://koha.tu.koszalin.pl/cgi-bin/koha/opac-detail.pl?biblionumber=4445
_yKatalog online BPK